000 01128cab a2200217 4500
001 X90106
008 090401t1998 xxu||||| |||| 00| 0 eng d
035 _a(Sirsi) u84556
041 _aeng
245 _aSouth Tyneside MBC and Luxury Leisure
260 _c1998
350 _a0
490 _aPlanning Appeal Decisions
_v[1998] 13 PAD 90-98(7)
520 _aAmusement centre - ancillary retail sales - impact on character and viability of the town centre - structure and district plans - emerging Unitary Development Plan - secondary shopping street - thriving and buoyant town centre - percentage of non-retail uses - policy assuming that non-retail uses only allowable when no retailer would take rpemises inconsistent with emerging UDP and with PPG6 - conditions - costs - refusal contrary to officers advice - refusal reasons not substantiated in evidence - costs awarded. HEADNOTE FROM JOURNAL.
650 _aAMUSEMENT CENTRE
650 _aPLANNING POLICY GUIDANCE NOTE SIX
650 _aSOUTH TYNESIDE MBC AND LUXURY LEISURE
690 _aPLANNING LAW AND PRACTICE-CASE LAW
942 _n0
948 _c27/02/1998
999 _c53144
_d53144